| 000 | 00793cam a22002054a 4500 | ||
|---|---|---|---|
| 008 | 091025t2008 ua gr f000 0 ara d | ||
| 020 | _a9770813958 | ||
| 082 | 0 | 4 |
_a335.4 _221 _bم ح م |
| 100 | 1 |
_aمحمود، مصطفى، _d1921-2009 _934614 |
|
| 245 | 1 | 0 |
_aلماذا رفضت الماركسية / _cمصطفى محمود. |
| 260 |
_aالقاهرة : _bدار أخبار اليوم، قطاع الثقافة، _cح.2008. |
||
| 300 |
_a87 ص. ؛ _c20 سم. |
||
| 490 | 1 |
_aالأعمال الكاملة _923848 |
|
| 590 | _aBook for the road program. | ||
| 650 | 0 |
_aالماركسية _927771 _xفلسفة |
|
| 653 |
_bAra _cDecember2013 |
||
| 655 |
_vreading book _934232 |
||
| 800 | 1 |
_934618 _aمحمود، مصطفى. _tالأعمال الكاملة |
|
| 942 |
_2ddc _cBB _k335.4 م ح م |
||
| 999 |
_c17849 _d17821 |
||